Central Library, Doon University
WEBOPAC (ONLINE PUBLIC ACCESS CATALOGUE)

Bhasha aur Samaj (Record no. 60089)

MARC details
000 -LEADER
fixed length control field 00440nam a22001817a 4500
005 - DATE & TIME
control field 20260127153221.0
008 - FIXED-LENGTH DATA ELEMENTS--GENERAL INFORMATION
fixed length control field 260127b |||||||| |||| 00| 0 eng d
020 ## - ISBN
International Standard Book Number 9788126705320
Price 1495.00
040 ## - CATALOGING SOURCE
Original cataloging agency Doon University
041 ## - Language
Language Hindi
082 ## - DDC NUMBER
Classification number 401.9
Book Number SHA
100 ## - MAIN ENTRY--PERSONAL NAME
Personal name Ramvilas, Sharma
245 ## - TITLE STATEMENT
Title Bhasha aur Samaj
260 ## - PUBLICATION, DISTRIBUTION, ETC. (IMPRINT)
Place of publication, distribution, etc New Delhi
Name of publisher, distributor, etc Raj Kamal
Date of publication, distribution, etc 2023
300 ## - PHYSICAL DESCRIPTION
Pages 423
650 ## - Subject
Subject Hindu Studies
942 ## - ADDED ENTRY ELEMENTS (KOHA)
Koha item type Books
100 ## - MAIN ENTRY--PERSONAL NAME
-- 26040
650 ## - Subject
-- 25783
952 ## - LOCATION AND ITEM INFORMATION (KOHA)
-- 2026-02-06
-- 2026-01-27
952 ## - LOCATION AND ITEM INFORMATION (KOHA)
-- 2026-01-27
952 ## - LOCATION AND ITEM INFORMATION (KOHA)
-- 2026-01-27
952 ## - LOCATION AND ITEM INFORMATION (KOHA)
-- 2026-01-27
Holdings
Withdrawn status Lost status Source of classification or shelving scheme Damaged status Not for loan Location (home branch) Sublocation or collection (holding branch) Date acquired Koha issues (times borrowed) Koha full call number Accession No. Koha date last seen Koha item type
          Doon University Doon University 27.01.2026 1 401.9 SHA 51608 25.03.2026 Books
          Doon University Doon University 27.01.2026   401.9 SHA 51609 27.01.2026 Books
          Doon University Doon University 27.01.2026   401.9 SHA 51610 27.01.2026 Books
          Doon University Doon University 27.01.2026   401.9 SHA 51611 27.01.2026 Books
Contact : +91-135-2533126 (Library),+91-135-2533105 (Admin Office) , Email : doonlibrary@gmail.com

Powered by Koha